Central Library OPAC University of Rajshahi

; قصيدة برده شريف مترجم ;; Qaṣīdah-i Burdah sharif mutarjim / (Record no. 79306)

MARC details
000 -LEADER
fixed length control field 00859naa a22002051a 4500
003 - CONTROL NUMBER IDENTIFIER
rucl marc code BD-RjUL
005 - DATE AND TIME OF LATEST TRANSACTION
control field 20220202101054.0
008 - FIXED-LENGTH DATA ELEMENTS--GENERAL INFORMATION
fixed length control field 220202s1960 pk ||||| |||| 00| 0 ara d
035 ## - SYSTEM CONTROL NUMBER
System control number (BD-RjUL)
040 ## - CATALOGING SOURCE
Original cataloging agency BD-RjUL
Language of cataloging eng
Transcribing agency BD-RjUL
041 ## - LANGUAGE CODE
Language code of text/sound track or separate title ara
082 ## - DEWEY DECIMAL CLASSIFICATION NUMBER
Edition number 23
Classification number 892.71091
Author mark and year BUQ 1960
100 1# - MAIN ENTRY--PERSONAL NAME
Personal name Busiri, Sharaf Al-Din Muhammad bin Saeed ;; بوصيري، شرف الدين محمد بن سعيد
9 (RLIN) 1068
245 10 - TITLE STATEMENT
Title ; قصيدة برده شريف مترجم ;; Qaṣīdah-i Burdah sharif mutarjim /
Statement of responsibility, etc. شرف الدين محمد بن سعيد بصيري ;; Sharaf Al-Din Muhammad bin Saeed Busiri,
300 ## - PHYSICAL DESCRIPTION
Pagination 37 p. ;
Size 19 cm
500 ## - GENERAL NOTE
General note Arabic Urdu Language
600 ## - SUBJECT ADDED ENTRY--PERSONAL NAME
Personal name Būṣīrī, Sharaf al-Dīn Muḥammad ibn Saʻīd,
Dates associated with a name 1213?-1296?
General subdivision Burdah.
650 ## - SUBJECT ADDED ENTRY--TOPICAL TERM
Topical term or geographic name as entry element Manuscripts, Arabic
Geographic subdivision New Jersey
Form subdivision Princeton.
9 (RLIN) 1070
942 ## - ADDED ENTRY ELEMENTS (KOHA)
Source of classification or shelving scheme Dewey Decimal Classification
Koha item type Books
Holdings
Lost status Source of classification or shelving scheme Damaged status Not for loan Collection code Permanent Location Current Location Shelving location Date acquired Full call number Date last seen Copy number Koha item type
  Dewey Decimal Classification   Not For Loan Non-fiction Central Library, University of Rajshahi Central Library, University of Rajshahi Reading Room 02/02/2022 A 892.71091 BUQ 1960 02/02/2022 C-1 Books
  Dewey Decimal Classification     Non-fiction Central Library, University of Rajshahi Central Library, University of Rajshahi General Stacks 02/02/2022 A 892.71091 BUQ 1960 02/02/2022 C-2 Books